Motivácia k práci a riadenie

Uložené v:
Podrobná bibliografia
Hlavný autor: Bulák, Jozef
Médium: Kniha
Jazyk:Slovak
Vydavateľské údaje: Bratislava Práca 1980
Edícia:Človek a práca zv. 1/80
Tagy: Pridať tag
Žiadne tagy, Buďte prvý, kto otaguje tento záznam!

MARC

LEADER 00000nam a2200000 4500
001 c141721
005 20050301104159.0
041 0 |a slo 
044 |a SK 
245 1 0 |a Motivácia k práci a riadenie  |c Jozef Bulák 
264 1 |a Bratislava  |b Práca  |c 1980 
300 |a 208 s. 
490 1 |a Človek a práca  |v zv. 1/80 
830 0 |a Človek a práca  |v zv. 1/80 
100 1 |a Bulák, Jozef